000
00298nam a22001217a 4500
082
_a
920
_b
FRA/B
100
_a
FRANKLIN,BENJAMIN
245
_a
AUTOBIIOGRAPHY OF BENJAMIN FRANKLIN
260
_a
NEW DELHI
_b
LITTLE SCHOLARZ PVT.LTD
300
_a
200
650
_a
AUTOBIOGRAPHY
_z
NEW DELHI
942
_c
BK
999
_c
5564
_d
5564